• 首页
  • 本馆介绍
  • 公告通知
  • 最新文献
  • 馆藏检索
  • 电子资源
  • 读者导购
  • 参考咨询
  • 我的图书馆
  • 登录
  • 详细信息显示
  • 放入我的书架
  • 预约/预借图书
  • 作者相关作品
  • 分类相关作品
  • 丛书相关作品
  • 出版社相关作品

书目信息

  • 表格格式
  • 工作单格式
  • 卡片格式
题名:
全国大中专教学用书汇编
    
 
作者:
分册: 下册  
出版信息: 北京   高等教育出版社  2010
页数: 423页
开本: 24cm
丛书名:
单 册:
中图分类: Z83
科图分类:
主题词: 目录--类型
电子资源:
ISBN:
000 00483nam0 2200157 450
001 202411143476547640
005 20241114150248.20
100    @a20241114d km y0chiy0120 ea
101 0  @achi
200 1  @a全国大中专教学用书汇编@AQuan Guo Da Zhong Zhuan Jiao Xue Yong Shu Hui Bian@h下册
210    @a北京@c高等教育出版社@d2010
215    @a423页@d24cm
606 0  @a目录@x类型
690    @aZ83@v4
801  0 @aCN@b大连网信软件有限公司图书馆·11@c20241114
905    @aZUCC@b1438336@dZ83@e91:2@f1
    
    全国大中专教学用书汇编.下册.-北京:高等教育出版社,2010
    423页;24cm
    
    
    ISBN :
    
●
相关链接 在E读中查询图书 在五车中查询图书 在当当中查询图书 在豆瓣中查询图书


正题名:全国大中专教学用书汇编     索取号:Z83/91:2         预约/预借

序号 登录号 条形码 馆藏地/架位号 状态 备注
1 1438336   214383362   密集书库-资源管理系/ [索取号:Z83/91:2] 在馆    
唐山师范学院图书馆 欢迎您!
大连网信软件有限公司© 版权所有